| 000 | 00536cam a22001577a 4500 | ||
|---|---|---|---|
| 008 | 180718b1993 xxu||||| |||| 00| 0 eng d | ||
| 020 | _a8120407776 | ||
| 082 | _aZ13x54 Sr38 | ||
| 100 | _aSrivastava, Roli | ||
| 245 |
_aAgricultural research through international cooperation: the Indian experience _cby Roli Srivastava and G.C. Srivastava |
||
| 260 |
_aNew Delhi _bOxford & IBH _c1993 |
||
| 300 | _a144p. | ||
| 650 | _aAgriculture - International cooperation | ||
| 650 | _aAgriculture - Research - India | ||
| 700 | _aSrivastava, G.C. | ||
| 999 |
_c487994 _d487994 |
||